Normal view
MARC view
- DATABASE IMPLEMENTATION
Entry Topical Term
001 - CONTROL NUMBER
- control field: 60817
003 - CONTROL NUMBER IDENTIFIER
- control field: NUST
005 - DATE AND TIME OF LATEST TRANSACTION
- control field: 20210628202631.0
008 - FIXED-LENGTH DATA ELEMENTS
- fixed length control field: 210628|| aca||aabn | a|a d
040 ## - CATALOGING SOURCE
- Original cataloging agency: NUST
- Transcribing agency: NUST
150 ## - HEADING--TOPICAL TERM
- Topical term or geographic name entry element: DATABASE IMPLEMENTATION
670 ## - SOURCE DATA FOUND
- Source citation: Work cat.: (NUST): Ullman, Jeffrey.D,Widom, Jennifer,Garcia-Molina, Hector 60816, Database system implementation, 2001
